000 00251nam a2200097Ia 4500
001 1116046
005 20250827004038.0
008 250824s9999 xx 000 0 und d
245 0 _aFESLEĞEN F1 16
_cHİKMET ANIL ÖZTEKİN
260 _bDESTEK YAYINLARI
999 _c1116046
_d1116046